| 000 | 00516nam a2200169 i 4500 | ||
|---|---|---|---|
| 001 | 90343 | ||
| 003 | ES-MaACL | ||
| 005 | 20230906180421.0 | ||
| 007 | t| | ||
| 008 | 050119s1906 sp ||||1| spa d | ||
| 100 | 1 |
_aLe Bon, Gustave. _970835 |
|
| 245 | 1 | 0 |
_aPsicología de la educación / _cpor Gustave Le Bon ; versión de José Muñoz Escámez. |
| 260 |
_aMadrid : _bGutenberg, _c1906 ( _fJ. Ratés Martín) |
||
| 300 |
_a326 p. ; _c19 cm. |
||
| 700 | 1 |
_aMuñoz Escamez, José. _984409 |
|
| 852 |
_aES-MaACL _jF-6118 |
||
| 999 |
_c90343 _d90343 |
||